Regioni vincitrici Serie A - Statistics

Statistiche generali
  • Questo quiz è stato fatto 48 volte
  • Il punteggio medio è 9 su 9
Statistiche sulle risposte
Numero vittorie Regione % Corretto
4 Campania
100%
5 Lazio
100%
39 Lombardia
100%
52 Piemonte
100%
10 Liguria
96%
1 Sardegna
96%
7 Emilia-Romagna
93%
2 Toscana
93%
1 Veneto
91%
Nessun quiz corrispondente trovato
Distribuzione punteggi
Percentuale di utenti per punteggio
Percentile per numero di risposta
I tuoi punteggi nel tempo
Non hai fatto questo quiz